QUEST Central Library Banner

Text Recognition Mobile App for Learning Grammar. (Record no. 66795)

MARC details
000 -LEADER
fixed length control field 00529nam a22001817a 4500
082 ## - DEWEY DECIMAL CLASSIFICATION NUMBER
Classification number R/2CS16
100 ## - MAIN ENTRY--AUTHOR NAME
Personal name Touqeer Ahmed
100 ## - MAIN ENTRY--AUTHOR NAME
Personal name Roll No. 16CS33
100 ## - MAIN ENTRY--AUTHOR NAME
Personal name Supervisor - Dr. Umair Ali Khan
245 ## - TITLE STATEMENT
Title Text Recognition Mobile App for Learning Grammar.
260 ## - PUBLICATION, DISTRIBUTION, ETC. (IMPRINT)
Place of publication Nawabshah
Name of publisher QUEST
Year of publication 2020
300 ## - PHYSICAL DESCRIPTION
Number of Pages 47p
700 ## - ADDED ENTRY--PERSONAL NAME
Personal name Rashid Hussain (Roll No. 16CS51)
700 ## - ADDED ENTRY--PERSONAL NAME
Personal name Ali Bisharat (Roll No. 16CS62)
700 ## - ADDED ENTRY--PERSONAL NAME
Personal name Muthar Ali (Roll No. 16CS59)
700 ## - ADDED ENTRY--PERSONAL NAME
Personal name Shadi Khan (Roll No. 16-15CS41)
942 ## - ADDED ENTRY ELEMENTS (KOHA)
Koha item type Thesis and Dissertation
Holdings
Withdrawn status Lost status Home library Current library Date acquired Full call number Accession Number Koha item type
    Research Section Research Section 07/01/2021 R/2CS16 16CS-T178 Thesis and Dissertation

Copyright © 2018,The QUEST, Nawabshah, Shaheed Benazirabad. All rights reserved
Mr. G. Farooq Channar (Librarian) QUEST, Nawabshah, Sindh, Pakistan 67480.
 Ph#: |   0244-9370381-4 Ext. 2308   Email| lib@quest.edu.pk   Web|  http://www.quest.edu.pk